书目信息 |
| 题名: |
图文版入党积极分子培训教程
|
|
| 作者: | 李俊伟 著 | |
| 分册: | ||
| 出版信息: | 北京 红旗出版社 2004.04 |
|
| 页数: | 290页 | |
| 开本: | 20cm | |
| 丛书名: | 基层党建工作系列丛书 | |
| 单 册: | ||
| 中图分类: | D267 | |
| 科图分类: | ||
| 主题词: | 中国共产党--基本知识--教材 | |
| 电子资源: | ||
| ISBN: | 7-5051-0911-1 | |
| 000 | 00878nam 22002532 4505 | |
| 001 | 192004002908 | |
| 005 | 20070905105957.51 | |
| 010 | @a7-5051-0911-1@dCNY20.00 | |
| 100 | @a20070601d2004 ekmy0chiy0121 ea | |
| 101 | 0 | @achi |
| 102 | @aCN@b110000 | |
| 105 | @aa z 000yy | |
| 200 | 1 | @a图文版入党积极分子培训教程@Atu wen ban ru dang ji ji fen zi pei xun jiao cheng@f李俊伟著 |
| 210 | @a北京@c红旗出版社@d2004.04 | |
| 215 | @a290页@c图@d20cm | |
| 225 | 2 | @a基层党建工作系列丛书@Aji ceng dang jian gong zuo xi lie cong shu |
| 330 | @a本书分十章,对入党积极分子进行党的性质和宗旨、党的指导思想、党的组织原则、党的纪律、履行入党手续等的教育和培训。 | |
| 410 | 0 | @12001 @a基层党建工作系列丛书 |
| 606 | 0 | @a中国共产党@x基本知识@j教材 |
| 690 | @aD267@v4 | |
| 701 | 0 | @a李俊伟@Ali jun wei@4著 |
| 801 | 0 | @aCN@c20070905 |
| 905 | @dD267@eL1802 | |
| 906 | @dCNY20.00@n3@r1 | |
| 图文版入党积极分子培训教程/李俊伟著.-北京:红旗出版社,2004.04 |
| 290页:图;20cm.-(基层党建工作系列丛书) |
| ISBN 7-5051-0911-1:CNY20.00 |
| 本书分十章,对入党积极分子进行党的性质和宗旨、党的指导思想、党的组织原则、党的纪律、履行入党手续等的教育和培训。 |
| ● |
| 相关链接 |
|
|
|
正题名:图文版入党积极分子培训教程
索取号:D267/L1802
 
预约/预借
| 序号 | 登录号 | 条形码 | 馆藏地/架位号 | 状态 | 备注 |
| 1 | 625523 | 206255238 | 社科库509/509社科库 70排2列1层/ [索取号:D267/L1802] | 在馆 | |
| 2 | 625524 | 206255247 | 社科库509/509社科库 70排2列1层/ [索取号:D267/L1802] | 在馆 | |
| 3 | 625525 | 206255256 | 社科库509/509社科库 70排2列1层/ [索取号:D267/L1802] | 在馆 |